Kärsämäen naapurikunnat - Statistics

Yleistilastot
  • Tätä visaa on pelattu 2 kertaa
  • Keskiarvotulos 3 / 5
Vastaustilastot
Kunta % Oikein
Haapavesi
100%
Siikalatva
100%
Haapajärvi
50%
Pyhäjärvi
50%
Pyhäntä
0%
Ehtoja vastaavia visoja ei löytynyt
Tulosjakauma
Jokaisen tuloksen saaneiden osuus
Persentiili vastausten määrän mukaan
Tuloshistoriasi
Et ole pelannut tätä visaa